000 00291nam a22001337a 4500
008 181012b xxu||||| |||| 00| 0 eng d
020 _a9781416047759
041 _aeng
080 _22nd
_a610.73
100 _a2
101 _aINF
245 _aNCLEX-RN Examination
_cResi
942 _2udc
_cBK
999 _c49528
_d49528